[Event "English Open Championship 2024"]
[Site "Holiday Inn, 212 Abbey End, Kenilworth CV8 1ED, United Kingdom"]
[Date "2024.06.21"]
[Round "4.37"]
[White "Quraishi, Shahab U A"]
[Black "Patel, Zain"]
[Result "0-1"]
[TimeControl "G90 + 30secs/move"]
[WhiteFideId "455199"]
[BlackFideId "469246"]
[WhiteElo "1898"]
[BlackElo "1972"]

1. e4 {[%clk 01:30:55]} {[%emt 00:00:04]} e5 {[%clk 01:30:41]} {[%emt
00:00:19]} 2. Nf3 {[%clk 01:31:24]} {[%emt 00:00:02]} Nc6 {[%clk 01:30:48]}
{[%emt 00:00:23]} 3. Bc4 {[%clk 01:31:47]} {[%emt 00:00:07]} Nf6 {[%clk
01:31:12]} {[%emt 00:00:06]} 4. d4 {[%clk 01:32:02]} {[%emt 00:00:15]} exd4
{[%clk 01:30:51]} {[%emt 00:00:50]} 5. e5 {[%clk 01:31:52]} {[%emt 00:00:41]}
d5 {[%clk 01:30:15]} {[%emt 00:01:06]} 6. exf6 {[%clk 01:31:56]} {[%emt
00:00:26]} dxc4 {[%clk 01:30:31]} {[%emt 00:00:14]} 7. fxg7 {[%clk 01:31:56]}
{[%emt 00:00:30]} Bxg7 {[%clk 01:30:44]} {[%emt 00:00:17]} 8. O-O {[%clk
01:32:15]} {[%emt 00:00:11]} Be6 {[%clk 01:26:20]} {[%emt 00:04:54]} 9. Re1
{[%clk 01:31:36]} {[%emt 00:01:09]} Qd7 {[%clk 01:26:02]} {[%emt 00:00:49]} 10.
Bg5 {[%clk 01:31:12]} {[%emt 00:00:52]} f6 {[%clk 01:22:25]} {[%emt 00:04:07]}
11. Nbd2 {[%clk 01:26:07]} {[%emt 00:05:36]} O-O-O {[%clk 01:21:19]} {[%emt
00:01:36]} 12. Ne4 {[%clk 01:24:55]} {[%emt 00:01:42]} Qf7 {[%clk 01:18:24]}
{[%emt 00:03:25]} 13. Bf4 {[%clk 01:23:03]} {[%emt 00:02:22]} Rhe8 {[%clk
01:17:59]} {[%emt 00:00:55]} 14. a3 {[%clk 01:21:59]} {[%emt 00:01:35]} Bg4
{[%clk 01:16:11]} {[%emt 00:02:18]} 15. b3 {[%clk 01:14:08]} {[%emt 00:08:21]}
Qg6 {[%clk 01:12:06]} {[%emt 00:04:34]} 16. Ng3 {[%clk 01:12:07]} {[%emt
00:02:31]} Rxe1+ {[%clk 01:11:19]} {[%emt 00:01:17]} 17. Qxe1 {[%clk 01:12:35]}
{[%emt 00:00:02]} Bxf3 {[%clk 01:06:47]} {[%emt 00:05:02]} 18. gxf3 {[%clk
01:13:01]} {[%emt 00:00:04]} Ne5 {[%clk 01:06:45]} {[%emt 00:00:33]} 19. Bxe5
{[%clk 01:10:52]} {[%emt 00:02:38]} fxe5 {[%clk 01:07:06]} {[%emt 00:00:09]} 20.
bxc4 {[%clk 01:10:33]} {[%emt 00:00:50]} Qxc2 {[%clk 01:06:57]} {[%emt
00:00:39]} 21. Rc1 {[%clk 01:09:52]} {[%emt 00:01:10]} d3 {[%clk 01:02:40]}
{[%emt 00:04:47]} 22. Qf1 {[%clk 01:09:25]} {[%emt 00:00:57]} Kb8 {[%clk
01:01:12]} {[%emt 00:01:58]} 23. Ne4 {[%clk 01:04:08]} {[%emt 00:05:47]} Bh6
{[%clk 01:00:48]} {[%emt 00:00:55]} 24. Rd1 {[%clk 01:04:12]} {[%emt 00:00:26]}
d2 {[%clk 00:59:47]} {[%emt 00:01:31]} 25. Qe2 {[%clk 01:02:33]} {[%emt
00:02:08]} Bf4 {[%clk 00:59:46]} {[%emt 00:00:31]} 26. Kg2 {[%clk 01:00:13]}
{[%emt 00:02:50]} a5 {[%clk 00:58:25]} {[%emt 00:01:50]} 27. c5 {[%clk
00:54:39]} {[%emt 00:06:05]} a4 {[%clk 00:57:59]} {[%emt 00:00:57]} 28. Qf1
{[%clk 00:49:29]} {[%emt 00:05:39]} Rd4 {[%clk 00:52:07]} {[%emt 00:06:21]} 29.
Qe2 {[%clk 00:46:32]} {[%emt 00:03:28]} Rc4 {[%clk 00:51:51]} {[%emt 00:00:46]}
30. Nxd2 {[%clk 00:29:39]} {[%emt 00:17:23]} Rd4 {[%clk 00:51:42]} {[%emt
00:00:40]} 31. Qb5 {[%clk 00:25:10]} {[%emt 00:04:59]} Rxd2 {[%clk 00:50:20]}
{[%emt 00:01:52]} 32. Rxd2 {[%clk 00:25:13]} {[%emt 00:00:26]} Qg6+ {[%clk
00:50:25]} {[%emt 00:00:25]} 33. Kf1 {[%clk 00:25:23]} {[%emt 00:00:20]} Bxd2
{[%clk 00:50:52]} {[%emt 00:00:04]} 34. Qd7 {[%clk 00:23:45]} {[%emt 00:02:07]}
Ba5 {[%clk 00:47:27]} {[%emt 00:03:56]} 35. Qxa4 {[%clk 00:23:35]} {[%emt
00:00:40]} Bc3 {[%clk 00:46:53]} {[%emt 00:01:03]} 36. Qc4 {[%clk 00:18:24]}
{[%emt 00:05:41]} Qa6 {[%clk 00:47:08]} {[%emt 00:00:15]} 37. Qxa6 {[%clk
00:18:31]} {[%emt 00:00:23]} bxa6 {[%clk 00:47:35]} {[%emt 00:00:03]} 38. Ke2
{[%clk 00:18:52]} {[%emt 00:00:09]} Bd4 {[%clk 00:47:57]} {[%emt 00:00:08]} 39.
c6 {[%clk 00:19:21]} {[%emt 00:00:02]} Ka7 {[%clk 00:48:17]} {[%emt 00:00:09]}
0-1

[Event "English Open Championship 2024"]
[Site "Holiday Inn, 212 Abbey End, Kenilworth CV8 1ED, United Kingdom"]
[Date "2024.06.21"]
[Round "4.38"]
[White "Lim, Mark"]
[Black "Ali, Golam S"]
[Result "1/2-1/2"]
[TimeControl "G90 + 30secs/move"]
[WhiteFideId "417734"]
[BlackFideId "414646"]
[WhiteElo "1844"]
[BlackElo "1877"]

1. d4 {[%clk 01:30:57]} {[%emt 00:00:03]} Nc6 {[%clk 01:14:28]} {[%emt
00:17:57]} 2. Nf3 {[%emt 00:00:39]} d5 {[%clk 01:14:27]} 3. e3 {[%clk
01:31:45]} {[%emt 00:00:04]} Bg4 {[%clk 01:14:48]} {[%emt 00:00:09]} 4. Bb5
{[%clk 01:32:11]} {[%emt 00:00:05]} Nf6 {[%clk 01:14:37]} {[%emt 00:00:41]} 5.
Nbd2 {[%clk 01:31:54]} {[%emt 00:00:47]} e6 {[%clk 01:14:54]} {[%emt 00:00:13]}
6. h3 {[%clk 01:31:21]} {[%emt 00:01:02]} Bh5 {[%clk 01:11:58]} {[%emt
00:03:27]} 7. c4 {[%clk 01:31:46]} {[%emt 00:00:05]} Bb4 {[%clk 01:05:41]}
{[%emt 00:06:47]} 8. Qa4 {[%clk 01:24:54]} {[%emt 00:07:22]} O-O {[%clk
01:03:24]} {[%emt 00:02:48]} 9. g4 {[%clk 01:20:52]} {[%emt 00:04:31]} Nxg4
{[%clk 00:52:03]} {[%emt 00:11:51]} 10. hxg4 {[%clk 01:19:42]} {[%emt
00:01:39]} Bxg4 {[%clk 00:52:16]} {[%emt 00:00:17]} 11. Bxc6 {[%clk 01:18:47]}
{[%emt 00:01:26]} Bxf3 {[%clk 00:52:24]} {[%emt 00:00:22]} 12. Rh3 {[%clk
01:12:05]} {[%emt 00:07:12]} Bxd2+ {[%clk 00:52:15]} {[%emt 00:00:39]} 13. Bxd2
{[%clk 01:10:59]} {[%emt 00:01:36]} Bg4 {[%clk 00:52:05]} {[%emt 00:00:40]} 14.
Bb4 {[%clk 01:05:46]} {[%emt 00:05:43]} bxc6 {[%clk 00:43:52]} {[%emt
00:08:44]} 15. Rh1 {[%clk 00:58:35]} {[%emt 00:07:39]} Qf6 {[%clk 00:38:05]}
{[%emt 00:06:17]} 16. Qc2 {[%clk 00:54:13]} {[%emt 00:04:52]} Bf5 {[%clk
00:36:45]} {[%emt 00:01:50]} 17. Qe2 {[%clk 00:54:20]} {[%emt 00:00:22]} Rfb8
{[%clk 00:35:51]} {[%emt 00:01:24]} 18. Bc3 {[%clk 00:50:16]} {[%emt 00:04:35]}
Be4 {[%clk 00:32:07]} {[%emt 00:04:13]} 19. Rg1 {[%clk 00:49:32]} {[%emt
00:01:15]} Qf5 {[%clk 00:31:23]} {[%emt 00:01:13]} 20. Qg4 {[%clk 00:47:13]}
{[%emt 00:02:49]} Qxg4 {[%clk 00:30:53]} {[%emt 00:01:01]} 21. Rxg4 {[%clk
00:47:42]} {[%emt 00:00:01]} h5 {[%clk 00:30:30]} {[%emt 00:00:52]} 22. Rh4
{[%clk 00:47:16]} {[%emt 00:00:55]} Bf3 {[%clk 00:29:56]} {[%emt 00:01:05]} 23.
Kd2 {[%clk 00:45:35]} {[%emt 00:02:12]} g5 {[%clk 00:29:41]} {[%emt 00:00:45]}
24. Rg1 {[%clk 00:44:58]} {[%emt 00:01:07]} Bg4 {[%clk 00:27:59]} {[%emt
00:02:12]} 25. Rh2 {[%clk 00:44:51]} {[%emt 00:00:37]} f6 {[%clk 00:27:27]}
{[%emt 00:01:02]} 26. Rg3 {[%clk 00:43:45]} {[%emt 00:01:36]} Kf7 {[%clk
00:24:46]} {[%emt 00:03:10]} 27. f3 {[%clk 00:42:11]} {[%emt 00:02:04]} Bf5
{[%clk 00:25:03]} {[%emt 00:00:14]} 28. Rxh5 {[%clk 00:41:48]} {[%emt
00:00:52]} Rh8 {[%clk 00:25:15]} {[%emt 00:00:18]} 29. Rxh8 {[%clk 00:40:18]}
{[%emt 00:01:59]} Rxh8 {[%clk 00:25:39]} {[%emt 00:00:07]} 30. Rg2 {[%clk
00:36:38]} {[%emt 00:04:10]} Rh3 {[%clk 00:24:29]} {[%emt 00:01:40]} 31. Ke2
{[%clk 00:36:05]} {[%emt 00:01:04]} Bb1 {[%clk 00:23:57]} {[%emt 00:01:01]} 32.
a3 {[%clk 00:33:15]} {[%emt 00:03:21]} dxc4 {[%clk 00:24:08]} {[%emt 00:00:19]}
33. Ba5 {[%clk 00:33:18]} {[%emt 00:00:27]} Rh1 {[%clk 00:23:02]} {[%emt
00:01:35]} 34. Kd2 {[%clk 00:30:14]} {[%emt 00:03:34]} Rf1 {[%clk 00:22:34]}
{[%emt 00:00:58]} 35. Bxc7 {[%clk 00:26:48]} {[%emt 00:03:57]} Rxf3 {[%clk
00:22:30]} {[%emt 00:00:33]} 36. Ke2 {[%clk 00:25:44]} {[%emt 00:01:35]} Be4
{[%clk 00:22:27]} {[%emt 00:00:32]} 37. Rg4 {[%clk 00:23:44]} {[%emt 00:02:31]}
f5 {[%clk 00:15:31]} {[%emt 00:07:27]} 38. Rxg5 {[%clk 00:24:03]} {[%emt
00:00:10]} Rh3 {[%clk 00:14:54]} {[%emt 00:01:07]} 39. Rg1 {[%clk 00:23:42]}
{[%emt 00:00:49]} Bd3+ {[%clk 00:14:59]} {[%emt 00:00:27]} 40. Kf2 {[%clk
00:21:23]} {[%emt 00:02:49]} Be4 {[%clk 00:15:11]} {[%emt 00:00:18]} 41. Be5
{[%clk 00:19:29]} {[%emt 00:02:23]} a6 {[%clk 00:12:47]} {[%emt 00:02:55]} 42.
Rg7+ {[%clk 00:15:56]} {[%emt 00:04:02]} Ke8 {[%clk 00:13:01]} {[%emt
00:00:17]} 43. Ra7 {[%clk 00:15:48]} {[%emt 00:00:38]} Rh1 {[%clk 00:13:21]}
{[%emt 00:00:09]} 44. Rxa6 {[%clk 00:14:53]} {[%emt 00:01:26]} Rb1 {[%clk
00:11:43]} {[%emt 00:02:07]} 45. Rb6 {[%clk 00:14:51]} {[%emt 00:00:31]} Kf7
{[%clk 00:10:45]} {[%emt 00:01:29]} 1/2-1/2

[ePGN "0.1;DGT LiveChess/2.2.6"]

[Event "English Open Championship 2024"]
[Site "Holiday Inn, 212 Abbey End, Kenilworth CV8 1ED, United Kingdom"]
[Date "2024.06.22"]
[Round "5.1"]
[White "Adams, Michael"]
[Black "Gormally, Daniel W"]
[Result "1-0"]
[TimeControl "G90 + 30secs/move"]
[WhiteFideId "400041"]
[BlackFideId "406465"]
[WhiteElo "2670"]
[BlackElo "2421"]

1. e4 {[%clk 01:30:56]} {[%emt 00:00:03]} e6 {[%clk 01:30:54]} {[%emt
00:00:07]} 2. d4 {[%clk 01:31:06]} {[%emt 00:00:20]} d5 {[%clk 01:31:12]}
{[%emt 00:00:12]} 3. e5 {[%clk 01:30:21]} {[%emt 00:01:15]} c5 {[%clk
01:30:43]} {[%emt 00:00:59]} 4. c3 {[%clk 01:30:45]} {[%emt 00:00:06]} Nc6
{[%clk 01:30:25]} {[%emt 00:00:47]} 5. Nf3 {[%clk 01:31:07]} {[%emt 00:00:08]}
Bd7 {[%clk 01:29:50]} {[%emt 00:01:06]} 6. Be2 {[%clk 01:31:19]} {[%emt
00:00:17]} Nge7 {[%clk 01:28:45]} {[%emt 00:01:35]} 7. Na3 {[%clk 01:31:15]}
{[%emt 00:00:35]} cxd4 {[%clk 01:27:06]} {[%emt 00:02:09]} 8. cxd4 {[%clk
01:31:39]} {[%emt 00:00:06]} Nf5 {[%clk 01:27:29]} {[%emt 00:00:06]} 9. Nc2
{[%clk 01:32:05]} {[%emt 00:00:05]} Be7 {[%clk 01:26:22]} {[%emt 00:01:37]} 10.
O-O {[%clk 01:28:17]} {[%emt 00:04:17]} O-O {[%clk 01:20:43]} {[%emt 00:06:09]}
11. Bd3 {[%clk 01:27:30]} {[%emt 00:01:18]} f6 {[%clk 01:18:32]} {[%emt
00:02:41]} 12. Bxf5 {[%clk 01:18:43]} {[%emt 00:09:17]} exf5 {[%clk 01:18:50]}
{[%emt 00:00:11]} 13. Bf4 {[%clk 01:19:05]} {[%emt 00:00:09]} fxe5 {[%clk
01:12:04]} {[%emt 00:07:16]} 14. dxe5 {[%clk 01:14:24]} {[%emt 00:05:11]} Be6
{[%clk 01:09:01]} {[%emt 00:03:32]} 15. Qd2 {[%clk 01:14:15]} {[%emt 00:00:39]}
Rc8 {[%clk 01:06:06]} {[%emt 00:03:26]} 16. Rfd1 {[%clk 01:12:34]} {[%emt
00:02:11]} Kh8 {[%clk 00:58:11]} {[%emt 00:08:23]} 17. h3 {[%clk 01:08:30]}
{[%emt 00:04:35]} Qd7 {[%clk 00:53:02]} {[%emt 00:05:40]} 18. Ncd4 {[%clk
01:02:26]} {[%emt 00:06:34]} Bg8 {[%clk 00:53:02]} {[%emt 00:00:29]} 19. Rac1
{[%clk 00:57:17]} {[%emt 00:05:40]} Nxd4 {[%clk 00:45:39]} {[%emt 00:07:53]} 20.
Nxd4 {[%clk 00:55:18]} {[%emt 00:02:29]} Bc5 {[%clk 00:46:03]} {[%emt
00:00:05]} 21. Be3 {[%clk 00:48:37]} {[%emt 00:07:11]} b6 {[%clk 00:38:25]}
{[%emt 00:08:09]} 22. Ne2 {[%clk 00:47:38]} {[%emt 00:01:29]} Qe7 {[%clk
00:33:34]} {[%emt 00:05:20]} 23. Bd4 {[%clk 00:45:41]} {[%emt 00:02:27]} Qh4
{[%clk 00:31:30]} {[%emt 00:02:34]} 24. Nf4 {[%clk 00:41:14]} {[%emt 00:04:58]}
Be7 {[%clk 00:28:53]} {[%emt 00:03:06]} 25. g3 {[%clk 00:38:07]} {[%emt
00:03:37]} Qh6 {[%clk 00:27:13]} {[%emt 00:02:10]} 26. h4 {[%clk 00:37:14]}
{[%emt 00:01:23]} b5 {[%clk 00:22:30]} {[%emt 00:05:13]} 27. Rxc8 {[%clk
00:32:31]} {[%emt 00:05:13]} Rxc8 {[%clk 00:22:54]} {[%emt 00:00:06]} 28. Rc1
{[%clk 00:31:42]} {[%emt 00:01:19]} Qa6 {[%clk 00:22:01]} {[%emt 00:01:23]} 29.
e6 {[%clk 00:31:06]} {[%emt 00:01:06]} 1-0

[Event "English Open Championship 2024"]
[Site "Holiday Inn, 212 Abbey End, Kenilworth CV8 1ED, United Kingdom"]
[Date "2024.06.22"]
[Round "5.2"]
[White "Roberson, Peter T"]
[Black "Jones, Gawain Cb"]
[Result "0-1"]
[TimeControl "G90 + 30secs/move"]
[WhiteFideId "412384"]
[BlackFideId "409561"]
[WhiteElo "2420"]
[BlackElo "2633"]

1. e4 {[%clk 01:30:31]} {[%emt 00:00:28]} e5 {[%clk 01:24:03]} {[%emt
00:06:58]} 2. Nf3 {[%clk 01:28:04]} {[%emt 00:02:56]} Nc6 {[%clk 01:24:28]}
{[%emt 00:00:05]} 3. Bb5 {[%clk 01:28:30]} {[%emt 00:00:04]} a6 {[%clk
01:24:54]} {[%emt 00:00:04]} 4. Ba4 {[%clk 01:28:57]} {[%emt 00:00:04]} Nf6
{[%clk 01:25:19]} {[%emt 00:00:04]} 5. O-O {[%clk 01:29:12]} {[%emt 00:00:15]}
d6 {[%clk 01:25:40]} {[%emt 00:00:09]} 6. Re1 {[%clk 01:28:52]} {[%emt
00:00:49]} Bd7 {[%clk 01:26:04]} {[%emt 00:00:06]} 7. c3 {[%clk 01:29:07]}
{[%emt 00:00:16]} g6 {[%clk 01:26:29]} {[%emt 00:00:05]} 8. d4 {[%clk
01:28:50]} {[%emt 00:00:47]} Bg7 {[%clk 01:26:53]} {[%emt 00:00:05]} 9. h3
{[%clk 01:28:41]} {[%emt 00:00:40]} O-O {[%clk 01:27:17]} {[%emt 00:00:06]} 10.
Bc2 {[%clk 01:29:00]} {[%emt 00:00:11]} Nh5 {[%clk 01:27:22]} {[%emt 00:00:25]}
11. a4 {[%clk 01:26:38]} {[%emt 00:02:52]} Qe8 {[%clk 01:27:41]} {[%emt
00:00:10]} 12. a5 {[%clk 01:19:45]} {[%emt 00:07:24]} f5 {[%clk 01:27:28]}
{[%emt 00:00:43]} 13. Ra3 {[%clk 01:15:19]} {[%emt 00:04:56]} Kh8 {[%clk
01:26:52]} {[%emt 00:01:06]} 14. b4 {[%clk 01:14:45]} {[%emt 00:01:04]} f4
{[%clk 01:20:05]} {[%emt 00:07:16]} 15. Ba4 {[%clk 01:05:29]} {[%emt 00:09:46]}
Nf6 {[%clk 01:09:16]} {[%emt 00:11:20]} 16. d5 {[%clk 01:00:44]} {[%emt
00:05:16]} Nd8 {[%clk 01:09:11]} {[%emt 00:00:33]} 17. c4 {[%clk 01:00:35]}
{[%emt 00:00:40]} b5 {[%clk 01:00:37]} {[%emt 00:09:04]} 18. axb6 {[%clk
00:58:16]} {[%emt 00:02:49]} cxb6 {[%clk 01:00:48]} {[%emt 00:00:17]} 19. c5
{[%clk 00:44:34]} {[%emt 00:14:13]} bxc5 {[%clk 01:00:22]} {[%emt 00:00:57]} 20.
bxc5 {[%clk 00:44:59]} {[%emt 00:00:05]} dxc5 {[%clk 01:00:39]} {[%emt
00:00:13]} 21. Nbd2 {[%clk 00:36:27]} {[%emt 00:09:02]} Nf7 {[%clk 00:51:25]}
{[%emt 00:09:43]} 22. Nc4 {[%clk 00:32:56]} {[%emt 00:04:02]} Bb5 {[%clk
00:30:49]} {[%emt 00:21:05]} 23. Bxb5 {[%clk 00:29:26]} {[%emt 00:04:01]} axb5
{[%clk 00:31:15]} {[%emt 00:00:04]} 24. Rxa8 {[%clk 00:29:51]} {[%emt
00:00:05]} Qxa8 {[%clk 00:31:42]} {[%emt 00:00:03]} 25. Ncxe5 {[%clk 00:30:05]}
{[%emt 00:00:16]} Nd6 {[%clk 00:31:30]} {[%emt 00:00:41]} 26. Qc2 {[%clk
00:23:23]} {[%emt 00:07:12]} Qa4 {[%clk 00:27:45]} {[%emt 00:04:16]} 27. Qxa4
{[%clk 00:20:18]} {[%emt 00:03:35]} bxa4 {[%clk 00:28:03]} {[%emt 00:00:11]} 28.
Ng5 {[%clk 00:20:21]} {[%emt 00:00:27]} Ra8 {[%clk 00:23:29]} {[%emt 00:05:05]}
29. Nc6 {[%clk 00:13:33]} {[%emt 00:07:18]} a3 {[%clk 00:23:33]} {[%emt
00:00:26]} 30. Bxa3 {[%clk 00:11:54]} {[%emt 00:02:08]} Rxa3 {[%clk 00:23:57]}
{[%emt 00:00:07]} 31. e5 {[%clk 00:12:19]} {[%emt 00:00:05]} Nf5 {[%clk
00:16:14]} {[%emt 00:08:12]} 32. exf6 {[%clk 00:11:54]} {[%emt 00:00:56]} Bxf6
{[%clk 00:16:39]} {[%emt 00:00:05]} 33. Re8+ {[%clk 00:09:10]} {[%emt
00:03:14]} Kg7 {[%clk 00:17:07]} {[%emt 00:00:01]} 34. Ne6+ {[%clk 00:09:29]}
{[%emt 00:00:12]} Kh6 {[%clk 00:17:35]} {[%emt 00:00:02]} 35. Nxc5 {[%clk
00:08:18]} {[%emt 00:01:41]} Ra1+ {[%clk 00:16:47]} {[%emt 00:01:18]} 36. Kh2
{[%clk 00:08:46]} {[%emt 00:00:01]} Bh4 {[%clk 00:16:58]} {[%emt 00:00:19]} 37.
Ne4 {[%clk 00:07:56]} {[%emt 00:01:20]} Re1 {[%clk 00:05:51]} {[%emt 00:11:38]}
38. d6 {[%clk 00:04:24]} {[%emt 00:04:02]} Ng3 {[%clk 00:05:37]} {[%emt
00:00:44]} 39. fxg3 {[%clk 00:03:27]} {[%emt 00:01:27]} fxg3+ {[%clk 00:06:02]}
{[%emt 00:00:05]} 40. Nxg3 {[%clk 00:03:53]} {[%emt 00:00:04]} Rxe8 {[%clk
00:06:27]} {[%emt 00:00:05]} 41. d7 {[%clk 00:03:54]} {[%emt 00:00:29]} Re3
{[%clk 00:05:07]} {[%emt 00:01:49]} 42. Nf1 {[%clk 00:03:01]} {[%emt 00:01:24]}
Re1 {[%clk 00:05:00]} {[%emt 00:00:37]} 43. Nd2 {[%clk 00:00:35]} {[%emt
00:02:57]} Rd1 {[%clk 00:05:20]} {[%emt 00:00:10]} 44. Ne4 {[%clk 00:00:33]}
{[%emt 00:00:32]} Rxd7 {[%clk 00:05:23]} {[%emt 00:00:26]} 45. g3 {[%clk
00:00:34]} {[%emt 00:00:30]} Rc7 {[%clk 00:05:11]} {[%emt 00:00:41]} 46. Ne5
{[%clk 00:00:39]} {[%emt 00:00:25]} Rc2+ {[%clk 00:04:40]} {[%emt 00:01:02]} 47.
Kh1 {[%clk 00:01:03]} {[%emt 00:00:05]} Re2 {[%clk 00:04:21]} {[%emt 00:00:48]}
48. Ng4+ {[%clk 00:00:35]} {[%emt 00:00:59]} Kg7 {[%clk 00:04:46]} {[%emt
00:00:05]} 49. gxh4 {[%clk 00:00:32]} {[%emt 00:00:34]} Rxe4 {[%clk 00:05:07]}
{[%emt 00:00:08]} 0-1

[Event "English Open Championship 2024"]
[Site "Holiday Inn, 212 Abbey End, Kenilworth CV8 1ED, United Kingdom"]
[Date "2024.06.22"]
[Round "5.3"]
[White "Wadsworth, Matthew J"]
[Black "Jackson, James P"]
[Result "1-0"]
[TimeControl "G90 + 30secs/move"]
[WhiteFideId "415804"]
[BlackFideId "416860"]
[WhiteElo "2467"]
[BlackElo "2358"]

1. d4 {[%clk 01:29:18]} {[%emt 00:01:41]} Nf6 {[%clk 01:30:40]} {[%emt
00:00:20]} 2. c4 {[%clk 01:29:41]} {[%emt 00:00:07]} g6 {[%clk 01:31:05]}
{[%emt 00:00:05]} 3. g3 {[%clk 01:29:59]} {[%emt 00:00:12]} Bg7 {[%clk
01:31:30]} {[%emt 00:00:05]} 4. Bg2 {[%clk 01:30:05]} {[%emt 00:00:24]} O-O
{[%clk 01:31:54]} {[%emt 00:00:07]} 5. Nc3 {[%clk 01:30:23]} {[%emt 00:00:12]}
d6 {[%clk 01:32:18]} {[%emt 00:00:05]} 6. h3 {[%clk 01:30:38]} {[%emt
00:00:15]} Nc6 {[%clk 01:26:32]} {[%emt 00:06:17]} 7. Nf3 {[%clk 01:30:58]}
{[%emt 00:00:09]} e5 {[%clk 01:26:56]} {[%emt 00:00:06]} 8. Be3 {[%clk
01:31:21]} {[%emt 00:00:06]} exd4 {[%clk 01:04:48]} {[%emt 00:22:39]} 9. Nxd4
{[%clk 01:31:39]} {[%emt 00:00:12]} Ne5 {[%clk 01:04:52]} {[%emt 00:00:27]} 10.
b3 {[%clk 01:29:42]} {[%emt 00:02:26]} a6 {[%clk 01:02:12]} {[%emt 00:03:11]}
11. Qd2 {[%clk 01:24:58]} {[%emt 00:05:13]} Rb8 {[%clk 01:01:20]} {[%emt
00:01:22]} 12. Rd1 {[%clk 01:23:41]} {[%emt 00:01:47]} Re8 {[%clk 01:00:35]}
{[%emt 00:01:16]} 13. O-O {[%clk 01:20:15]} {[%emt 00:03:55]} Bd7 {[%clk
00:55:29]} {[%emt 00:05:36]} 14. Bg5 {[%clk 00:59:44]} {[%emt 00:21:00]} Qc8
{[%clk 00:54:27]} {[%emt 00:01:33]} 15. g4 {[%clk 00:49:03]} {[%emt 00:11:11]}
h5 {[%clk 00:44:25]} {[%emt 00:10:32]} 16. f4 {[%clk 00:46:11]} {[%emt
00:03:22]} Nc6 {[%clk 00:44:00]} {[%emt 00:00:56]} 17. f5 {[%clk 00:46:21]}
{[%emt 00:00:19]} Nh7 {[%clk 00:32:02]} {[%emt 00:12:27]} 18. Nxc6 {[%clk
00:44:35]} {[%emt 00:02:17]} bxc6 {[%clk 00:32:26]} {[%emt 00:00:06]} 19. fxg6
{[%clk 00:33:57]} {[%emt 00:11:07]} fxg6 {[%clk 00:32:50]} {[%emt 00:00:07]} 20.
Bh6 {[%clk 00:34:09]} {[%emt 00:00:19]} hxg4 {[%clk 00:28:27]} {[%emt
00:04:52]} 21. Bxg7 {[%clk 00:32:51]} {[%emt 00:01:48]} Kxg7 {[%clk 00:28:51]}
{[%emt 00:00:06]} 22. Qd4+ {[%clk 00:31:44]} {[%emt 00:01:37]} Kg8 {[%clk
00:27:29]} {[%emt 00:01:52]} 23. Ne4 {[%clk 00:29:08]} {[%emt 00:03:06]} Bf5
{[%clk 00:26:34]} {[%emt 00:01:24]} 24. Ng3 {[%clk 00:27:39]} {[%emt 00:01:59]}
Re5 {[%clk 00:19:40]} {[%emt 00:07:24]} 25. Bxc6 {[%clk 00:24:45]} {[%emt
00:03:24]} Be6 {[%clk 00:19:45]} {[%emt 00:00:26]} 26. hxg4 {[%clk 00:23:04]}
{[%emt 00:02:11]} Qd8 {[%clk 00:18:50]} {[%emt 00:01:24]} 27. Qxe5 {[%clk
00:14:28]} {[%emt 00:09:07]} dxe5 {[%clk 00:19:07]} {[%emt 00:00:13]} 28. Rxd8+
{[%clk 00:14:56]} {[%emt 00:00:02]} Rxd8 {[%clk 00:19:29]} {[%emt 00:00:08]} 29.
Bd5 {[%clk 00:09:46]} {[%emt 00:05:41]} Bxd5 {[%clk 00:15:40]} {[%emt
00:04:18]} 30. Rd1 {[%clk 00:09:07]} {[%emt 00:01:08]} e4 {[%clk 00:15:52]}
{[%emt 00:00:19]} 31. cxd5 {[%clk 00:08:17]} {[%emt 00:01:20]} Nf6 {[%clk
00:16:15]} {[%emt 00:00:06]} 32. g5 {[%clk 00:07:01]} {[%emt 00:01:47]} Rxd5
{[%clk 00:16:40]} {[%emt 00:00:06]} 33. Rxd5 {[%clk 00:07:23]} {[%emt
00:00:08]} Nxd5 {[%clk 00:17:05]} {[%emt 00:00:05]} 34. Nxe4 {[%clk 00:07:48]}
{[%emt 00:00:04]} Kf7 {[%clk 00:17:10]} {[%emt 00:00:25]} 35. Kf2 {[%clk
00:06:18]} {[%emt 00:02:00]} a5 {[%clk 00:16:34]} {[%emt 00:01:06]} 36. Nc5
{[%clk 00:06:17]} {[%emt 00:00:32]} Ke7 {[%clk 00:12:02]} {[%emt 00:05:03]} 37.
a4 {[%clk 00:05:53]} {[%emt 00:00:53]} Nb4 {[%clk 00:08:16]} {[%emt 00:04:16]}
38. Kf3 {[%clk 00:05:58]} {[%emt 00:00:25]} Kd6 {[%clk 00:04:52]} {[%emt
00:03:54]} 39. Nb7+ {[%clk 00:06:18]} {[%emt 00:00:10]} Ke5 {[%clk 00:05:12]}
{[%emt 00:00:10]} 40. Nxa5 {[%clk 00:05:24]} {[%emt 00:01:23]} Kf5 {[%clk
00:05:37]} {[%emt 00:00:05]} 41. Nc4 {[%clk 00:04:20]} {[%emt 00:01:34]} Kxg5
{[%clk 00:06:02]} {[%emt 00:00:06]} 42. Ne5 {[%clk 00:04:16]} {[%emt 00:00:34]}
Kf5 {[%clk 00:06:15]} {[%emt 00:00:18]} 43. Nd3 {[%clk 00:04:09]} {[%emt
00:00:36]} Nc6 {[%clk 00:03:16]} {[%emt 00:03:29]} 44. e4+ {[%clk 00:04:09]}
{[%emt 00:00:30]} Ke6 {[%clk 00:01:24]} {[%emt 00:02:23]} 45. b4 {[%clk
00:04:01]} {[%emt 00:00:37]} Na7 {[%clk 00:00:36]} {[%emt 00:01:17]} 46. Kf4
{[%clk 00:03:56]} {[%emt 00:00:35]} Nc8 {[%clk 00:00:51]} {[%emt 00:00:15]} 47.
a5 {[%clk 00:03:01]} {[%emt 00:01:26]} Kd6 {[%clk 00:01:04]} {[%emt 00:00:17]}
48. Kg5 {[%clk 00:02:13]} {[%emt 00:01:17]} Kc6 {[%clk 00:01:20]} {[%emt
00:00:15]} 49. e5 {[%clk 00:02:04]} {[%emt 00:00:39]} Kb5 {[%clk 00:01:30]}
{[%emt 00:00:19]} 50. e6 {[%clk 00:01:58]} {[%emt 00:00:36]} c5 {[%clk
00:00:34]} {[%emt 00:01:26]} 51. Nxc5 {[%clk 00:02:12]} {[%emt 00:00:16]} Kxb4
{[%clk 00:01:00]} {[%emt 00:00:05]} 52. a6 {[%clk 00:02:34]} {[%emt 00:00:08]}
1-0